Understanding environments

The book gives the opportunity to explore community dynamics through a number of illuminating case studies selected from around the world

Wedi'i Gadw mewn:
Manylion Llyfryddiaeth
Fformat: Llyfr
Iaith:Undetermined
Cyhoeddwyd: Cambridge, New York Cambridge Univ 1995
Pynciau:
Tagiau: Ychwanegu Tag
Dim Tagiau, Byddwch y cyntaf i dagio'r cofnod hwn!
Thư viện lưu trữ: Trung tâm Học liệu Trường Đại học Cần Thơ
LEADER 00642nam a2200181Ia 4500
001 CTU_27228
008 210402s9999 xx 000 0 und d
020 |b 67.50Dfl 
082 |a 910.02 
082 |b U55 
245 0 |a Understanding environments 
260 |a Cambridge, New York 
260 |b Cambridge Univ 
260 |c 1995 
520 |a The book gives the opportunity to explore community dynamics through a number of illuminating case studies selected from around the world 
650 |a environmental protection,human geography,physical geography 
904 |i Minh, 981208 
980 |a Trung tâm Học liệu Trường Đại học Cần Thơ